000 00612nam a2200169 a 4500
008 120416s1984 ||||||||||||||||| || u
020 _a0333365518
050 _aHD 4145 Str
100 _aSmith, John Grieve
245 1 0 _aStrategic planning in nationalised industries
_cedited by John Grieve Smith
260 _aLondon
_bMacmillan
_c1984
300 _axiii, 268p.
350 _a0.00
650 _aINDUSTRY
650 _aSTRATEGIC PLANNING--INDUSTRIES
995 _D0.00
_FCBU-MAIN LIBRARY (Kitwe)
_H1
_I25.00
_M1
_UAVAILABLE
_ZAnnex Low-Usage Collection
999 _c58551
_d58551